000
00203nam a2200085 4500
001
1257756
005
20260219100126.0
245
_a
DENİZE DÜŞEN DENİZKIZI
_c
ÇİĞDEM GÜNDEŞ
260
_b
TUDEM YAYINLARI
999
_c
1257756
_d
1257756